000
00234nam a2200085Ia 4500
008
170617s9999 xx 000 0 und d
100
_a
Sharma Mukesh
245
0
_a
T.B OF NURSING EDUCATION COMMUNICATION & EDUCATION TECH
260
_b
JAYPEE BROTHERS
260
_c
2013
999
_c
12984
_d
12984